Statistics for Ireland/Northern Ireland Troubles

Click here to take the quiz!

General Stats

  • This quiz has been taken 207 times
  • The average score is 4 of 8

Answer Stats

HintAnswer% Correct
Which political party won a majority of Irish seats in the 1918 General Election?Sinn Fein
87%
What Agreement was signed in 1998 that many see as the end of the troubles ?Good Friday Agreement
73%
In which year did the British Army commence Operation Banner in Northern Ireland?1969
58%
What was the name of the Police force in Ireland prior to 1922?Royal Irish Constabulary
52%
What year did Operation Banner end in Northern Ireland?2007
27%
What does the Words 'Sinn Fein' mean when translated into English?We Ourselves
27%
Who was the first Prime Minister of Northern Ireland?James Craig
23%
Who was the head of the Irish Unionist Alliance before 1922?Edward Carson
19%

Score Distribution

Percentile by Number Answered

Percent of People with Each Score

Your Score History

You have not taken this quiz